[Event "AUTO-OPEN-2610"]
[Site "http://www.queenalice.com/game.php?id=1029616"]
[Date "2012.2.13"]
[Round "1"]
[White "SallesAndre"]
[Black "DORLISS"]
[Result "1-0"]
[WhiteElo "1987"]
[BlackElo "1750"]

1. e4 e5 2. Bc4 Nc6 3. Nf3 Nf6 4. Ng5 d5 5. exd5 Na5 6. Bb5+ Bd7 7. Bxd7+ Qxd7
8. Nc3 Nxd5 9. Qf3 Nxc3 10. dxc3 f6 11. Ne4 O-O-O 12. O-O f5 13. Nc5 Bxc5 14. b4
e4 15. Qh3 g5 16. bxc5 g4 17. Qh6 Nc4 18. Bg5 Rdg8 19. Rad1 Qf7 20. Qf6 Qh5 21.
Qe6+ Kb8 22. Bf6 g3 23. hxg3 Re8 24. Bxh8 Rxh8 25. Qxc4 a6 26. c6 f4 27. cxb7 f3
28. Qxa6 fxg2 29. Qa8# 1-0

[Event "AUTO-OPEN-2610"]
[Site "http://www.queenalice.com/game.php?id=1029617"]
[Date "2012.2.13"]
[Round "1"]
[White "DORLISS"]
[Black "SallesAndre"]
[Result "1-0"]
[WhiteElo "1821"]
[BlackElo "1899"]

1. e4 e5 2. Nf3 Nc6 3. Bb5 d6 4. O-O Bd7 5. Re1 Nf6 6. c3 a6 7. Ba4 b5 8. Bb3
Be7 9. d4 Bg4 10. h3 Bxf3 11. Qxf3 exd4 12. Nd2 dxc3 13. bxc3 O-O 14. Bb2 Ne5
15. Qe3 c5 16. c4 b4 17. Rad1 a5 18. Nf1 a4 19. Bc2 Nxc4 20. Qg3 Nxb2 21. Rd2
Nc4 22. Rd3 Ne5 23. Rdd1 g6 24. Ne3 Nh5 25. Qh2 Bh4 26. Ng4 Nxg4 27. hxg4 Ng7
28. Rxd6 Qe7 29. e5 Rad8 30. Kf1 Rxd6 31. exd6 Qd8 32. Rd1 Bf6 33. d7 Bd4 34.
Qd6 1-0

[Event "AUTO-MASTER-1589"]
[Site "http://www.queenalice.com/game.php?id=1029639"]
[Date "2012.2.14"]
[Round "1"]
[White "carlosfed"]
[Black "SallesAndre"]
[Result "0-1"]
[WhiteElo "1853"]
[BlackElo "2060"]

1. e4 e5 2. Nf3 Nc6 3. Bc4 h6 4. d3 Nf6 5. Nc3 Bb4 6. Bd2 O-O 7. a3 Bxc3 8. Bxc3
d6 9. Ba2 Bg4 10. Qe2 d5 11. O-O-O d4 12. Bd2 b5 13. h3 Bxf3 14. Qxf3 Qd6 15.
Qg3 Kh7 16. f4 Qc5 17. f5 a5 18. Qf2 b4 19. a4 Rab8 20. b3 g6 21. Qh4 Nh5 22. g4
Nf4 23. Bxf4 exf4 24. g5 h5 25. Qxf4 Ne5 26. f6 Rb6 27. h4 Rc6 28. Bb1 Re8 29.
Rhg1 Qc3 30. Rg3 Qxb3 31. Rd2 Qxa4 32. Kd1 Qa1 33. Kc1 b3 34. Qf2 b2+ 35. Kd1
Qxb1+ 36. Ke2 Rxc2 0-1

[Event "AUTO-MASTER-1589"]
[Site "http://www.queenalice.com/game.php?id=1029640"]
[Date "2012.2.14"]
[Round "1"]
[White "SallesAndre"]
[Black "carlosfed"]
[Result "1-0"]
[WhiteElo "2068"]
[BlackElo "1852"]

1. e4 e5 2. Bc4 Nf6 3. Nf3 Bd6 4. Nc3 a6 5. Ng5 O-O 6. d3 Be7 7. O-O h6 8. Nf3
b5 9. Bb3 Bb7 10. Nxe5 Nc6 11. Nxc6 Bxc6 12. e5 Nh7 13. a3 Kh8 14. Bd5 Bxd5 15.
Nxd5 c6 16. Nxe7 Qxe7 17. d4 d5 18. Be3 f5 19. g3 f4 20. Bxf4 Ng5 21. Bxg5 Qxg5
22. c3 h5 23. h4 Qg6 24. Qe2 Rf4 25. Kh2 Re4 26. Qf3 Kg8 27. Rad1 Rf8 28. Qd3 c5
29. dxc5 Rd8 30. f3 Rxh4+ 31. gxh4 Qe6 32. f4 g6 33. Rg1 Kg7 34. b4 Qc6 35. f5
Kh8 36. Rxg6 Qe8 37. Qg3 Qf7 38. Rh6+ 1-0

[Event "AUTO-MASTER-1589"]
[Site "http://www.queenalice.com/game.php?id=1029655"]
[Date "2012.2.14"]
[Round "1"]
[White "docb"]
[Black "SallesAndre"]
[Result "1-0"]
[WhiteElo "2090"]
[BlackElo "2063"]

1. e4 e5 2. Nf3 Nc6 3. d4 exd4 4. Nxd4 Nxd4 5. Qxd4 Nf6 6. Nc3 b6 7. Bg5 Bc5 8.
Qd2 h6 9. Be3 Bxe3 10. Qxe3 O-O 11. O-O-O d6 12. h3 Be6 13. e5 Nh7 14. exd6 cxd6
15. Qd4 Qg5+ 16. Kb1 Rad8 17. Rd3 Qe5 18. Qa4 Nf6 19. Re3 Qc5 20. Bd3 Nd5 21.
Nxd5 Bxd5 22. Rg3 a5 23. Qg4 g5 24. Qf5 Rfe8 25. Qh7+ Kf8 26. Qxh6+ Ke7 27.
Qxg5+ f6 28. Qg7+ Bf7 29. Re3+ Kd7 30. Qxf7+ Kc8 31. Rxe8 Qxf2 32. Ba6+ 1-0

[Event "AUTO-MASTER-1589"]
[Site "http://www.queenalice.com/game.php?id=1029656"]
[Date "2012.2.14"]
[Round "1"]
[White "SallesAndre"]
[Black "docb"]
[Result "0-1"]
[WhiteElo "2018"]
[BlackElo "1898"]

1. e4 Nc6 2. Nf3 d6 3. Nc3 Nf6 4. Bb5 a6 5. Bxc6+ bxc6 6. d3 Bg4 7. h3 Bh5 8.
Bg5 h6 9. Bxf6 gxf6 10. g4 Bg6 11. Qe2 h5 12. O-O-O hxg4 13. hxg4 Bg7 14. Rxh8+
Bxh8 15. Nh4 Kd7 16. Qf3 a5 17. Nf5 e6 18. Nd4 Qb8 19. Rh1 Bg7 20. Re1 a4 21. a3
Qb6 22. Nde2 d5 23. exd5 cxd5 24. Nf4 Rb8 25. Nxa4 Qb5 26. b3 Qa5 27. Qe2 e5 28.
Nh5 Bh6+ 29. Kb2 Bxh5 30. gxh5 Qxa4 31. Ka2 Qa5 32. d4 e4 33. Qg4+ Ke7 34. Qf5
Qxe1 35. Qxd5 Qxf2 36. Qc5+ Kd7 37. Qd5+ Ke8 38. Qxe4+ Kf8 39. Qh7 Bg7 40. h6
Bxh6 41. Qh8+ Ke7 42. Qxb8 Qxc2+ 43. Ka1 Bd2 0-1

[Event "AUTO-MASTER-1589"]
[Site "http://www.queenalice.com/game.php?id=1029667"]
[Date "2012.2.14"]
[Round "1"]
[White "SallesAndre"]
[Black "dadge"]
[Result "0-1"]
[WhiteElo "2075"]
[BlackElo "2179"]

1. e4 c5 2. Bc4 d6 3. Nf3 Nf6 4. Nc3 Nc6 5. d3 e6 6. Bg5 Be7 7. Bb5 Bd7 8. Bxc6
Bxc6 9. h3 b5 10. a3 a5 11. b3 O-O 12. O-O b4 13. Ne2 h6 14. Bxf6 Bxf6 15. Ra2
Qd7 16. axb4 axb4 17. Rxa8 Rxa8 18. Ng3 g6 19. Qd2 Ra2 20. Re1 Kh7 21. Nh2 Bc3
22. Qe3 Bxe1 23. Qxe1 Rxc2 24. e5 dxe5 25. Qxe5 Qd5 26. Qxd5 Bxd5 27. Ng4 Bxb3
28. Ne4 f5 29. Nef6+ Kg7 30. Ne8+ Kf8 31. Ngf6 Kf7 32. f4 Ba4 0-1

[Event "AUTO-MASTER-1589"]
[Site "http://www.queenalice.com/game.php?id=1029668"]
[Date "2012.2.14"]
[Round "1"]
[White "dadge"]
[Black "SallesAndre"]
[Result "1-0"]
[WhiteElo "2153"]
[BlackElo "1994"]

1. e4 e5 2. Nf3 Nc6 3. Bb5 d6 4. d4 Bg4 5. d5 a6 6. dxc6 axb5 7. cxb7 Rb8 8. h3
Bxf3 9. Qxf3 Rxb7 10. Nc3 c6 11. O-O h6 12. Be3 Nf6 13. Rad1 Be7 14. Ne2 O-O 15.
Ng3 d5 16. Nf5 g5 17. Nxh6+ Kh7 18. Bxg5 Nxe4 19. Qf5+ Kh8 20. Bxe7 Qxe7 21. Rd3
Qg5 22. Qxg5 Nxg5 23. f4 exf4 24. Rxf4 Re7 25. Rh4 Nh7 26. Rc3 Re6 27. Nf5 Rfe8
28. Nd4 Rf6 29. Rxc6 Re1+ 30. Kh2 Rg6 31. Rxg6 fxg6 32. Nxb5 Kg7 33. Rd4 Nf6 34.
Rd2 Kh6 35. Nc3 Ne4 36. Rxd5 g5 37. Nxe4 Rxe4 38. b3 Re2 39. Rc5 Kh5 40. a4 Re1
41. a5 Kh4 42. a6 g4 43. hxg4 Re6 44. Ra5 Kxg4 45. Ra4+ Kg5 46. a7 Rh6+ 47. Kg3
Rh8 48. a8=Q Rxa8 49. Rxa8 Kf5 50. Kf3 1-0

[Event "AUTO-MASTER-1595"]
[Site "http://www.queenalice.com/game.php?id=1032550"]
[Date "2012.2.23"]
[Round "1"]
[White "dadge"]
[Black "SallesAndre"]
[Result "1-0"]
[WhiteElo "2152"]
[BlackElo "1995"]

1. e4 e5 2. Nf3 Nc6 3. Bb5 d6 4. c3 Bd7 5. O-O Nf6 6. Re1 h6 7. d4 exd4 8. cxd4
a6 9. Ba4 b5 10. Bb3 Bg4 11. e5 dxe5 12. h3 Bxf3 13. Qxf3 Bd6 14. Qxc6+ Nd7 15.
dxe5 Be7 16. e6 fxe6 17. Bxe6 Rb8 18. Nc3 Rb6 19. Qe4 Nf6 20. Qg6+ 1-0

[Event "AUTO-MASTER-1595"]
[Site "http://www.queenalice.com/game.php?id=1032551"]
[Date "2012.2.23"]
[Round "1"]
[White "SallesAndre"]
[Black "dadge"]
[Result "0-1"]
[WhiteElo "1925"]
[BlackElo "2153"]

1. e4 e6 2. Nf3 d5 3. e5 c5 4. d4 Nc6 5. Bb5 Bd7 6. Bxc6 Bxc6 7. Nc3 cxd4 8.
Nxd4 Ne7 9. O-O g6 10. Bg5 Bg7 11. Bxe7 Qxe7 12. Nxc6 bxc6 13. f4 O-O 14. a3
Rab8 15. b4 f6 16. Qe2 fxe5 17. fxe5 Qg5 18. Rae1 Rxf1+ 19. Rxf1 Bxe5 20. Na4
Bd4+ 21. Kh1 e5 22. c3 Qe3 23. Qxe3 Bxe3 24. Rf6 Rc8 25. Re6 e4 26. g3 Kf7 0-1

[Event "AUTO-MASTER-1595"]
[Site "http://www.queenalice.com/game.php?id=1032562"]
[Date "2012.2.23"]
[Round "1"]
[White "Alexandrovinsk"]
[Black "SallesAndre"]
[Result "1-0"]
[WhiteElo "2102"]
[BlackElo "1960"]

1. d4 d5 2. Nf3 Nc6 3. c4 e6 4. Nc3 Bb4 5. e3 Nf6 6. Bd3 Bxc3+ 7. bxc3 O-O 8.
O-O g6 9. Qc2 Qd6 10. a4 b6 11. Ba3 Qd8 12. Bxf8 Qxf8 13. cxd5 exd5 14. e4 dxe4
15. Bxe4 Qd6 16. Ne5 Bb7 17. h3 Nxe4 18. Qxe4 Nxe5 19. Qxb7 Qc6 20. Qxc6 Nxc6
21. Rfe1 Rd8 22. Rad1 1-0

[Event "AUTO-MASTER-1595"]
[Site "http://www.queenalice.com/game.php?id=1032563"]
[Date "2012.2.23"]
[Round "1"]
[White "SallesAndre"]
[Black "Alexandrovinsk"]
[Result "0-1"]
[WhiteElo "1935"]
[BlackElo "2091"]

1. e4 c5 2. Nf3 d6 3. Nc3 Nf6 4. Bb5+ Nbd7 5. d3 g6 6. Bg5 Bg7 7. O-O O-O 8.
Bxd7 Bxd7 9. Bxf6 Bxf6 10. Qd2 b5 11. Rab1 e6 12. Qf4 b4 13. Ne2 e5 14. Qd2 Bg7
15. h3 f5 16. exf5 Bxf5 17. Ng3 Bxh3 18. Ng5 Bd7 19. N3e4 Bf5 20. Ng3 Bd7 21. b3
Bh6 22. N3e4 Kg7 0-1

[Event "AUTO-MASTER-1595"]
[Site "http://www.queenalice.com/game.php?id=1032570"]
[Date "2012.2.23"]
[Round "1"]
[White "SallesAndre"]
[Black "shmurtz91"]
[Result "0-1"]
[WhiteElo "1984"]
[BlackElo "1927"]

1. e4 d6 2. Nf3 Bg4 3. Nc3 c6 4. d4 Nf6 5. h3 Bh5 6. g4 Bg6 7. e5 Ne4 8. Nxe4
Bxe4 9. Bg2 dxe5 10. dxe5 Qxd1+ 11. Kxd1 Na6 12. Re1 O-O-O+ 13. Bd2 Bd5 14. b3
f6 15. Kc1 g6 16. Kb2 Bxf3 17. Bxf3 Rxd2 18. exf6 Rxf2 19. fxe7 Bg7+ 20. Kb1 Re8
0-1

[Event "AUTO-MASTER-1595"]
[Site "http://www.queenalice.com/game.php?id=1032571"]
[Date "2012.2.23"]
[Round "1"]
[White "shmurtz91"]
[Black "SallesAndre"]
[Result "1-0"]
[WhiteElo "1945"]
[BlackElo "1966"]

1. e4 e5 2. c3 Nf6 3. g3 Nc6 4. d4 d6 5. Be3 Nxe4 6. Nf3 Bg4 7. Be2 exd4 8. Nxd4
Bxe2 9. Qxe2 Nxd4 10. Bxd4 Qe7 11. O-O O-O-O 12. Bxa7 Nc5 13. Qc4 b6 14. b4 d5
15. Qb5 Nb7 16. Qa6 h5 17. Nd2 h4 18. Nf3 h3 19. Rfe1 Qf6 20. Re3 1-0

[Event "AUTO-OPEN-2618"]
[Site "http://www.queenalice.com/game.php?id=1032618"]
[Date "2012.2.24"]
[Round "1"]
[White "silverado"]
[Black "SallesAndre"]
[Result "1-0"]
[WhiteElo "1779"]
[BlackElo "2045"]

1. e4 e5 2. Nc3 Nf6 3. a3 Bc5 4. Nd5 O-O 5. d3 Nxd5 6. exd5 d6 7. Qf3 c6 8. Nh3
Bxh3 9. gxh3 a5 10. dxc6 Nxc6 11. c3 Qh4 12. Rg1 g6 13. Bg5 e4 14. dxe4 Ne5 15.
Qf6 Qxe4+ 16. Be2 1-0

[Event "AUTO-OPEN-2618"]
[Site "http://www.queenalice.com/game.php?id=1032619"]
[Date "2012.2.24"]
[Round "1"]
[White "SallesAndre"]
[Black "silverado"]
[Result "0-1"]
[WhiteElo "1918"]
[BlackElo "1839"]

1. e4 e5 2. Bc4 Nc6 3. Nf3 Nd4 4. Nxe5 Qg5 5. Bxf7+ Ke7 6. O-O Qxe5 7. Bxg8 Rxg8
8. c3 Nb5 9. d4 Qd6 10. Bg5+ Ke8 11. Qh5+ Qg6 12. Qxg6+ hxg6 13. e5 c6 14. Nd2
Kf7 15. Ne4 d5 16. exd6 Nxd6 17. Nxd6+ Bxd6 18. Rfe1 Be6 19. b3 Ba3 20. c4 Bb2
21. Rad1 Rae8 22. Rd3 Bf5 23. Rxe8 Rxe8 24. Rd1 Bc2 25. Rf1 Bxd4 26. h3 Re5 27.
Bf4 Re4 28. Bg3 Bc3 29. f3 Bd4+ 0-1

[Event "AUTO-OPEN-2618"]
[Site "http://www.queenalice.com/game.php?id=1032644"]
[Date "2012.2.24"]
[Round "1"]
[White "SallesAndre"]
[Black "strutz"]
[Result "0-1"]
[WhiteElo "2049"]
[BlackElo "2344"]

1. e4 e6 2. Nf3 d5 3. e5 c5 4. d4 Qb6 5. Nc3 Nc6 6. Bb5 Bd7 7. Be3 Nh6 8. Bxc6
Bxc6 9. Bxh6 gxh6 10. b3 cxd4 11. Nxd4 Qa6 12. Qd3 Qxd3 13. cxd3 Bb4 14. Rc1 Ke7
15. Nxc6+ bxc6 16. O-O Rac8 17. f4 Ba5 18. f5 Bb6+ 19. Kh1 Bd4 20. f6+ Ke8 21.
Rfe1 Rg8 22. g3 Rg5 23. Nb5 Bxe5 24. Nxa7 Rc7 25. Nxc6 Bxf6 26. a4 Bb2 27. Rc2
Kd7 28. Nb8+ Kc8 0-1

[Event "AUTO-OPEN-2618"]
[Site "http://www.queenalice.com/game.php?id=1032645"]
[Date "2012.2.24"]
[Round "1"]
[White "strutz"]
[Black "SallesAndre"]
[Result "1-0"]
[WhiteElo "2341"]
[BlackElo "2054"]

1. e4 e5 2. Nf3 Nc6 3. d4 exd4 4. Nxd4 Nxd4 5. Qxd4 b6 6. Nc3 Qf6 7. Be3 Bb7 8.
O-O-O Bc5 9. Qd2 Bxe3 10. Qxe3 Ne7 11. f4 d6 12. Nd5 Nxd5 13. exd5+ Qe7 14. Bb5+
Kd8 15. Rhe1 Qxe3+ 16. Rxe3 a6 17. Bc6 Bxc6 18. dxc6 b5 19. Rde1 a5 20. Re7 Rf8
21. Rd7+ Kc8 22. Ree7 Ra7 23. Rxf7 Rxf7 24. Rxf7 Kd8 25. Rxg7 Ra6 26. Rxh7 Rxc6
27. b3 Rc5 28. g4 Rd5 29. f5 1-0

[Event "AUTO-OPEN-2618"]
[Site "http://www.queenalice.com/game.php?id=1032646"]
[Date "2012.2.24"]
[Round "1"]
[White "SallesAndre"]
[Black "TomTheKing"]
[Result "0-1"]
[WhiteElo "1856"]
[BlackElo "1716"]

1. e4 e5 2. Nf3 d5 3. exd5 Qxd5 4. Nc3 Qc5 5. d4 exd4 6. Qxd4 Nf6 7. Bg5 Nc6 8.
Qxc5 Bxc5 9. Bb5 O-O 10. Bxf6 gxf6 11. Bxc6 bxc6 12. a3 Ba6 13. Ne4 Rfe8 14. Nd2
f5 15. O-O-O fxe4 16. Nb3 Bxf2 17. Rd7 e3 18. Nc5 Bc4 19. b3 e2 20. bxc4 e1=Q+
21. Rxe1 Rxe1+ 22. Kd2 Rae8 23. Nd3 R8e2+ 24. Kc3 Rd1 0-1

[Event "AUTO-OPEN-2618"]
[Site "http://www.queenalice.com/game.php?id=1032647"]
[Date "2012.2.24"]
[Round "1"]
[White "TomTheKing"]
[Black "SallesAndre"]
[Result "1-0"]
[WhiteElo "1692"]
[BlackElo "1880"]

1. e4 e5 2. Nf3 Nc6 3. Bb5 d6 4. d4 a6 5. Bc4 Bg4 6. h3 Bh5 7. g4 Bg6 8. Nc3 Nf6
9. h4 Nxe4 10. h5 Nxc3 11. bxc3 Be4 12. h6 g6 13. Ng5 Bxh1 14. Nxf7 Qf6 15. Bg5
Qf3 16. Qd2 d5 17. Bxd5 Qxd5 18. Nxh8 Qe4+ 19. Be3 Qf3 20. Nxg6 hxg6 21. d5
O-O-O 22. c4 Nd4 23. h7 Qh3 24. f4 Nf3+ 25. Ke2 1-0

[Event "AEAP 2012"]
[Site "http://www.queenalice.com/game.php?id=1053387"]
[Date "2012.4.27"]
[Round "2"]
[White "SallesAndre"]
[Black "frankcasadio"]
[Result "0-1"]
[WhiteElo "1950"]
[BlackElo "1980"]

1. e4 e5 2. Bc4 Nc6 3. Nf3 Bc5 4. O-O a6 5. Nc3 h6 6. h3 d6 7. d3 Nf6 8. a3 g5
9. b4 g4 10. hxg4 Bxg4 11. Be3 Bd4 12. Bd2 Qd7 13. Rb1 h5 14. Nd5 Nxd5 15. Bxd5
f6 16. Bxc6 bxc6 17. c3 Ba7 18. Be3 h4 19. Bxa7 Rxa7 20. d4 h3 21. g3 Qf7 22.
Qd3 Qh5 23. Nh2 Be2 24. Qe3 Bxf1 25. Rxf1 Ra8 26. dxe5 fxe5 27. Qd3 Kd7 28. c4
Ke6 29. c5 Rhf8 0-1